000 00530 a2200205 4500
005 20260506111714.0
008 260506b |||||||| |||| 00| 0 eng d
020 _a9788131612101
_cRs. 1100 .00
040 _aMAIN
082 _a361.3
_bP192S
100 _aPandey, Tejaskar
245 _aSamajik vikas evam samaj karya
260 _bRawat Publications
_c2021
_aJaipur
300 _ax, 262
650 _aSocial Problems
650 _aSocial Services
650 _aSocial Work
700 _aPandey, Baleshwar
942 _cBK
999 _c394611
_d394611